00735nam a2200193Ia 4500001002300000003001000023005001700033008004100050040002500091041000700116100003400123245010800157260004000265300001200305500012300317650002400440654000900464700006800473dp4/3-549 [d000000457]IT-MiCISF20250303151143.0161014s9999||||xx |||||||||||||| ||und|| aIT-MiCISFcIT-MiCISF ait aAlessandrini Giorgio (et al.) 0aFamiglia, diventa ciò€ che sei.bAtti del convegno pastorale diocesano, 27 agosto-1 settembre, Cremona aCremona,bDiocesi di Cremona,c1990 app. 196 a / famiglia, educazione-bambini, educazione-religiosa, lavoro, vita-familiare, pastorale-familiare, valori / documento apastorale-familiare aatti aFerrari M., Bernacchia R., Moioli M., Fronza Crepaz M., Assi E.